000 00520nam a2200169Ia 4500
008 090201s9999 xx 000 0 und d
010 _aKPL-58207
040 _bमराठी
041 _aमराठी
082 _a6859
_b58207
100 _aसुनिल केळकर
245 _aव्यवसायदीप
_cसुनिल केळकर
260 _c2004
_bअथर्व प्रकाशन
300 _a120
_bमोठा
600 _aव्यवसायदीप
942 _cBOOK
999 _c207647
_d207647